El mobiliario en Puebla (Record no. 3821)

MARC details
000 -CABECERA
campo de control de longitud fija 00729nam a2200217 a 4500
001 - NÚMERO DE CONTROL
campo de control BRCA_4103
005 - FECHA Y HORA DE LA ÚLTIMA TRANSACCIÓN
campo de control 20190320204539.0
008 - DATOS DE LONGITUD FIJA--INFORMACIÓN GENERAL
campo de control de longitud fija 190310s2009----mx-a######---#000-0#spa-#
041 ## - CÓDIGO DE LENGUA
Código de lengua del texto/banda sonora o título independiente spa
044 ## - CÓDIGO DEL PAÍS DE LA ENTIDAD EDITORA/PRODUCTORA
Código MARC del país mx
050 #4 - SIGNATURA TOPOGRÁFICA DE LA BIBLIOTECA DEL CONGRESO
Número de clasificación NK2529
Número de documento/Ítem .M63 2009
245 10 - MENCIÓN DE TÍTULO
Título El mobiliario en Puebla
Resto del título preciosismo, mitos y cotidianidad de la carpintería y la ebanistería.
260 ## - PUBLICACIÓN, DISTRIBUCIÓN, ETC.
Lugar de publicación, distribución, etc. México
Nombre del editor, distribuidor, etc. Fundación Mary Street Jenkins
Fecha de publicación, distribución, etc. 2009
300 ## - DESCRIPCIÓN FÍSICA
Extensión 191 p.
Otras características físicas il. a color
Dimensiones 33 cm.
500 ## - NOTA GENERAL
Nota general Incluye glosario técnico
500 ## - NOTA GENERAL
Nota general Incluye piezas de la colección Franz Mayer: p. 108-123
504 ## - NOTA DE BIBLIOGRAFÍA, ETC.
Nota de bibliografía, etc. Bibliografía: p. 186-189
650 14 - PUNTO DE ACCESO ADICIONAL DE MATERIA--TÉRMINO DE MATERIA
Término de materia o nombre geográfico como elemento de entrada Mobiliario
Subdivisión general Historia
Subdivisión geográfica Puebla
9 (RLIN) 10620
650 14 - PUNTO DE ACCESO ADICIONAL DE MATERIA--TÉRMINO DE MATERIA
Término de materia o nombre geográfico como elemento de entrada Muebles
Subdivisión general Historia
Subdivisión geográfica México
9 (RLIN) 3569
942 ## - ELEMENTOS DE PUNTO DE ACCESO ADICIONAL (KOHA)
Fuente del sistema de clasificación o colocación Library of Congress Classification
Tipo de ítem Koha Libros
Holdings
Estado de retiro Estado de pérdida Estado dañado No para préstamo Localización permanente Ubicación/localización actual Fecha de adquisición Total de préstamos Signatura topográfica completa Código de barras Fecha visto por última vez Precio válido a partir de Tipo de ítem Koha
El ejemplar forma parte de la colección y puede ser consultado según las políticas vigentes.       Biblioteca del Museo Franz Mayer (Rogerio Casas-Alatriste) Biblioteca del Museo Franz Mayer (Rogerio Casas-Alatriste) 19/03/2010   NK2529 .M63 2009 01810 22/03/2019 22/03/2019 Libros